Free radical telomerization (Record no. 7321)
[ view plain ]
| 000 -LEADER | |
|---|---|
| fixed length control field | 00742nac a22002411u 4500 |
| 010 ## - | |
| -- | 73018969 |
| 020 ## - INTERNATIONAL STANDARD BOOK NUMBER | |
| International Standard Book Number | 0126636508 |
| 082 00 - DEWEY DECIMAL CLASSIFICATION NUMBER | |
| Classification number | 547.28 |
| Item number | STA |
| 090 ## - LOCALLY ASSIGNED LC-TYPE CALL NUMBER (OCLC); LOCAL CALL NUMBER (OCLC) | |
| -- | 7321 |
| -- | 7321 |
| 100 ## - MAIN ENTRY--PERSONAL NAME | |
| Personal name | Starks, Charles M. |
| 245 10 - TITLE STATEMENT | |
| Title | Free radical telomerization |
| Statement of responsibility, etc | [by] Charles M. Starks. |
| 260 ## - | |
| -- | New York, |
| -- | Academic Press,1974 |
| -- | 1974. |
| 300 ## - PHYSICAL DESCRIPTION | |
| Extent | x, 267 p. |
| Other physical details | illus. |
| Dimensions | 24 cm. |
| 336 ## - CONTENT TYPE | |
| Source | rdacontent |
| Content type term | text |
| Content type code | txt |
| 337 ## - MEDIA TYPE | |
| Media type term | unmediated |
| Source | rdamedia |
| Media type code | n |
| 338 ## - CARRIER TYPE | |
| Carrier type term | volume |
| Carrier type code | nc |
| Source | rdacarrier |
| 500 ## - GENERAL NOTE | |
| General note | distributer: Al-Ahram |
| 504 ## - BIBLIOGRAPHY, ETC. NOTE | |
| Bibliography, etc | Includes bibliographical references. |
| 511 ## - | |
| -- | catalogued by: wessam |
| 650 #0 - SUBJECT ADDED ENTRY--TOPICAL TERM | |
| Topical term or geographic name as entry element | Telomerization. |
| 650 #0 - SUBJECT ADDED ENTRY--TOPICAL TERM | |
| Topical term or geographic name as entry element | Free radicals (Chemistry) |
| 942 ## - ADDED ENTRY ELEMENTS (KOHA) | |
| Koha item type | Book - Borrowing |
| Call number prefix | 547.28STA |
| Classification part | RDA-MOD |
| Withdrawn status | Lost status | Damaged status | Not for loan | Home library | Current library | Shelving location | Date acquired | Source of acquisition | Total Checkouts | Full call number | Barcode | Date last seen | Price effective from | Koha item type |
|---|---|---|---|---|---|---|---|---|---|---|---|---|---|---|
| Central Library | Central Library | First floor | 21/01/2008 | Purchase | 547.28STA | 000008762 | 15/07/2025 | 21/01/2008 | Book - Borrowing |